Stellar Classifications Chart - Statistics

General Stats
  • This quiz has been taken 47 times
  • The average score is 11 of 19
Answer Stats
Answer % Correct
B
97%
G
91%
O
91%
A
88%
F
88%
K
88%
M
88%
L
85%
T
82%
52%
48%
45%
39%
36%
36%
15%
6%
3%
3%
No matching quizzes found
Score Distribution
Percent of People with Each Score
Percentile by Number Answered
Your Score History
You have not taken this quiz